[Event "Challenge"]
[Site "http://www.queenalice.com/game.php?id=112412"]
[Date "2006.10.2"]
[Round "-"]
[White "pierj"]
[Black "joshua_08"]
[Result "0-1"]
[WhiteElo "1246"]
[BlackElo "1498"]

1. d4 d5 2. c4 dxc4 3. Nc3 c6 4. e4 g6 5. Bxc4 Nf6 6. Nge2 Bg7 7. h3 O-O 8. Be3
b5 9. Bd3 b4 10. Nb1 Be6 11. Bg5 Nfd7 12. Nd2 f6 13. Be3 c5 14. f4 cxd4 15. Bf2
Nc5 0-1

[Event "AUTO-INT-194"]
[Site "http://www.queenalice.com/game.php?id=112499"]
[Date "2006.10.2"]
[Round "1"]
[White "CampbellMarcel"]
[Black "joshua_08"]
[Result "1-0"]
[WhiteElo "1727"]
[BlackElo "1485"]

1. e4 e5 2. c4 c5 3. Nf3 d6 4. d3 Nf6 5. Be2 Be7 6. O-O O-O 7. Bg5 Ng4 8. Bxe7
Qxe7 9. Nc3 a6 10. Nd5 Qd8 11. h3 Nf6 12. Ng5 h6 13. Nf3 Nc6 14. Nxf6+ Qxf6 15.
a3 a5 16. Nh2 Qg6 17. g4 Nd4 18. Nf3 Nxf3+ 19. Bxf3 a4 20. Kh2 Qf6 21. Rg1 g5
22. Rg3 b6 23. Qe2 Ba6 24. Qd1 b5 25. b3 axb3 26. Qxb3 Rab8 27. Qc2 bxc4 28.
dxc4 Qd8 29. Be2 Qf6 30. f3 Rfc8 31. Rb1 Rxb1 32. Qxb1 Qd8 33. Rg1 Rb8 34. Qa2
f6 35. Rb1 Rxb1 36. Qxb1 Kf7 37. Kg3 Kg6 38. Qb6 Qxb6 39. f4 gxf4+ 40. Kh4 1-0

[Event "AUTO-INT-194"]
[Site "http://www.queenalice.com/game.php?id=112500"]
[Date "2006.10.2"]
[Round "1"]
[White "joshua_08"]
[Black "CampbellMarcel"]
[Result "0-1"]
[WhiteElo "1520"]
[BlackElo "1585"]

1. e4 c5 2. Qf3 Nc6 3. Bc4 e6 4. Nh3 a6 5. Ng5 f6 6. Nh3 b5 7. Bb3 c4 8. Bxc4
bxc4 9. Qh5+ g6 10. Qf3 Bb7 11. O-O Bd6 12. d3 cxd3 13. Qxd3 Qc7 14. g3 Nb4 15.
Qd2 Nxc2 16. b3 Nxa1 17. Na3 Bxe4 18. Re1 Bb7 19. Bb2 Qc6 20. Kf1 Qg2+ 21. Ke2
Bxa3 22. Rc1 Bxb2 23. Qxb2 Nxb3 24. Qxb3 Bf3+ 25. Ke3 Bd5 26. Qb6 Qe4+ 27. Kd2
Ne7 28. Ng1 Kf7 29. f3 Qa4 30. Rc2 Rhb8 31. Qe3 Nf5 32. Qe2 Nd4 33. Qd3 Nxc2 34.
Ne2 Rb2 35. Nc3 Nd4+ 36. Ke3 Qc2 0-1

[Event "AUTO-INT-194"]
[Site "http://www.queenalice.com/game.php?id=112514"]
[Date "2006.10.2"]
[Round "1"]
[White "Pele"]
[Black "joshua_08"]
[Result "1-0"]
[WhiteElo "1647"]
[BlackElo "1482"]

1. d4 d5 2. c4 dxc4 3. Nc3 a6 4. a4 a5 5. Bf4 Nf6 6. e3 e6 7. Bxc4 Bb4 8. h3 O-O
9. Ne2 Nc6 10. O-O Bxc3 11. Nxc3 Nb4 12. e4 b6 13. Rc1 Ba6 14. Bxa6 Rxa6 15. f3
Nh5 16. Bh2 f5 17. Nb5 Qd7 18. Rxc7 Qd8 19. Be5 f4 20. Qe2 Ng3 21. Rxg7+ Kh8 22.
Rxg3+ Rf6 23. Bxf6+ Qxf6 24. Rg4 Ra8 25. Qd2 Rd8 26. Rxf4 Qg6 27. Rc1 Na2 28.
Rc7 e5 29. Rg4 Qe8 30. Qh6 Rd7 31. Rxd7 Qxd7 32. Qf8# 1-0

[Event "AUTO-INT-194"]
[Site "http://www.queenalice.com/game.php?id=112516"]
[Date "2006.10.2"]
[Round "1"]
[White "juleba"]
[Black "joshua_08"]
[Result "1-0"]
[WhiteElo "1513"]
[BlackElo "1507"]

1. e4 e5 2. Nf3 d6 3. Nc3 Nf6 4. b3 g6 5. Bc4 a6 6. O-O Nc6 7. Nd5 Nxe4 8. d3
Nc3 9. Qe1 Nxd5 10. Bxd5 Ne7 11. Bg5 c6 12. Bxf7+ Kxf7 13. Qe4 d5 14. Qxe5 Bg7
15. Qf4+ Ke8 16. Rae1 Rf8 17. Qb4 Bf6 18. Re2 Rf7 19. Rfe1 b5 20. c4 dxc4 21.
dxc4 bxc4 22. Qc5 c3 23. Qxc6+ Bd7 24. Qd5 Bb5 25. Qe6 Bxe2 26. Rxe2 Kf8 27.
Bxf6 Qd1+ 28. Re1 c2 29. Ng5 Ke8 30. Qxf7+ Kd8 31. Qxe7+ Kc8 32. Qe6+ Qd7 33.
Qe4 Qd1 34. Qxa8+ Kd7 35. Qd8+ Kc6 36. Rxd1 cxd1=Q+ 37. Qxd1 1-0

[Event "AUTO-OPEN-508"]
[Site "http://www.queenalice.com/game.php?id=150715"]
[Date "2007.1.6"]
[Round "1"]
[White "joshua_08"]
[Black "Chamnix"]
[Result "0-1"]
[WhiteElo "1477"]
[BlackElo "2064"]

1. e4 c5 2. Bc4 e6 3. Nh3 d5 4. Bb5+ Nc6 5. e5 Bd7 6. Qf3 Nxe5 7. Qe2 Bd6 8.
Bxd7+ Qxd7 9. Nc3 Nf6 10. f3 O-O 11. O-O Ng6 12. d3 b5 13. a4 b4 14. Nb5 Be7 15.
c3 a6 16. c4 axb5 17. cxb5 Rfb8 18. g4 Rxb5 19. b3 Rbb8 20. a5 Qb5 21. a6 Rxa6
22. Rxa6 Qxa6 23. Bf4 Ra8 24. g5 Nh5 25. Qe3 Qa2 26. Rf2 Qxb3 0-1

[Event "AUTO-OPEN-508"]
[Site "http://www.queenalice.com/game.php?id=150716"]
[Date "2007.1.6"]
[Round "1"]
[White "Chamnix"]
[Black "joshua_08"]
[Result "1-0"]
[WhiteElo "2066"]
[BlackElo "1475"]

1. e4 e5 2. Nf3 d6 3. d4 exd4 4. Nxd4 Bd7 5. Nc3 g6 6. Be3 Bg7 7. Qd2 Nf6 8. f3
O-O 9. Bc4 a6 10. O-O-O c5 11. Nde2 b5 12. Bd5 Bc6 13. Bxc6 Nxc6 14. Qxd6 b4 15.
Qxd8 Rfxd8 16. Na4 Rab8 17. Nxc5 Rxd1+ 18. Rxd1 h5 19. Nd7 Rd8 20. Nxf6+ Bxf6
21. Rxd8+ Bxd8 22. Nd4 Na5 23. b3 Bb6 24. Nf5 Bxe3+ 25. Nxe3 Nc6 26. Kd2 Kg7 27.
c4 1-0

[Event "AUTO-OPEN-508"]
[Site "http://www.queenalice.com/game.php?id=150717"]
[Date "2007.1.6"]
[Round "1"]
[White "joshua_08"]
[Black "CampbellMarcel"]
[Result "1-0"]
[WhiteElo "1473"]
[BlackElo "400"]

1. e4 d5 2. exd5 Qxd5 3. Qf3 Nf6 4. Qxd5 Nxd5 5. c4 Nb4 6. Na3 N8c6 7. Nf3 Bg4
8. Ng5 Nd4 9. Bd3 Nxd3+ 10. Kf1 Ne2 11. f3 1-0

[Event "AUTO-INT-302"]
[Site "http://www.queenalice.com/game.php?id=150761"]
[Date "2007.1.6"]
[Round "1"]
[White "jpzenitram"]
[Black "joshua_08"]
[Result "1-0"]
[WhiteElo "1685"]
[BlackElo "1450"]

1. e4 g6 2. d4 Bg7 3. Nf3 Nf6 4. Nc3 O-O 5. Be3 Nc6 6. Bc4 a6 7. O-O b5 8. Bb3
Nb4 9. a3 Nc6 10. h3 e6 11. d5 exd5 12. exd5 Ne7 13. Re1 Bb7 14. d6 cxd6 15. Ne2
Bxf3 16. gxf3 Nh5 17. c3 Nf5 18. Bf4 d5 19. Bxd5 Rc8 20. Bb7 Rc5 21. Ng3 Rc4 22.
Nxh5 Qh4 23. Nxg7 Rxf4 24. Nxf5 Rxf5 25. Bxa6 Rg5+ 26. Kf1 Qxh3+ 27. Ke2 Re8+
28. Kd2 Rd5+ 29. Kc2 Rxd1 30. Rxe8+ Kg7 31. Rxd1 Qf5+ 32. Rd3 1-0

[Event "AUTO-INT-302"]
[Site "http://www.queenalice.com/game.php?id=150762"]
[Date "2007.1.6"]
[Round "1"]
[White "joshua_08"]
[Black "jpzenitram"]
[Result "0-1"]
[WhiteElo "1455"]
[BlackElo "1668"]

1. e4 d6 2. Qh5 Nf6 3. Qf3 g6 4. Nc3 Bg7 5. Bb5+ Bd7 6. Bc4 c5 7. h3 O-O 8. d3
e6 9. b3 Nc6 10. Be3 Ne5 11. Qe2 Nxc4 12. dxc4 Nxe4 13. Nxe4 Bxa1 14. Nxd6 Bc6
15. Bh6 Bg7 16. Qd2 Bxh6 17. Qxh6 Qxd6 18. Nf3 Bxf3 19. gxf3 Rad8 20. Kf1 Qd1+
21. Kg2 Qxc2 22. Kg3 Rd1 23. Rh2 Qxa2 24. Kg4 f6 25. h4 Qxb3 26. h5 Rg1+ 27. Kh4
g5+ 28. Kh3 Qxf3# 0-1

[Event "AUTO-INT-302"]
[Site "http://www.queenalice.com/game.php?id=150779"]
[Date "2007.1.6"]
[Round "1"]
[White "joshua_08"]
[Black "mast"]
[Result "0-1"]
[WhiteElo "1413"]
[BlackElo "1515"]

1. e4 e5 2. Qh5 Qf6 3. Bc4 Bc5 4. Nh3 Nh6 5. O-O d6 6. d3 Bg4 7. Bg5 Bxh5 8.
Bxf6 gxf6 9. Nc3 Bd4 10. Nb5 Kd7 11. c3 Bb6 12. d4 a6 13. Na3 exd4 14. cxd4 Bxd4
15. Rab1 Bg4 16. Nf4 c6 17. h3 Be6 18. Nh5 Be5 19. f4 Bd4+ 20. Kh1 f5 21. Rfd1
Bf2 22. Nf6+ Ke7 23. e5 Bc5 24. b4 Be3 25. Nh5 d5 26. Bb3 Nd7 27. Nc2 Bf2 28.
Rf1 Bb6 29. a4 f6 30. a5 fxe5 31. fxe5 Bc7 0-1

[Event "AUTO-INT-302"]
[Site "http://www.queenalice.com/game.php?id=150780"]
[Date "2007.1.6"]
[Round "1"]
[White "mast"]
[Black "joshua_08"]
[Result "1-0"]
[WhiteElo "1502"]
[BlackElo "1426"]

1. e4 e5 2. Nf3 d6 3. Bc4 g6 4. d4 Bg7 5. d5 Nf6 6. Nc3 a6 7. h3 O-O 8. O-O b5
9. Bb3 b4 10. Ne2 c6 11. Bg5 Qb6 12. Be3 c5 13. Nc3 bxc3 14. bxc3 Nxe4 15. Qe1
Nd7 16. c4 a5 17. a4 f5 18. Ng5 Ndf6 19. Nxe4 Nxe4 20. Bg5 Nxg5 21. Rb1 Qb4 22.
c3 Qb7 23. f3 f4 24. h4 Nf7 25. Bc2 Qa6 26. Qe2 h5 27. Bxg6 Nh8 28. Qe4 Rf6 29.
Be8 Bf5 30. Bb5 Qb7 31. Bc6 1-0

[Event "AUTO-INT-302"]
[Site "http://www.queenalice.com/game.php?id=150781"]
[Date "2007.1.6"]
[Round "1"]
[White "joshua_08"]
[Black "Admilton"]
[Result "0-1"]
[WhiteElo "1473"]
[BlackElo "1431"]

1. e4 e5 2. Qh5 Qf6 3. Nf3 d6 4. Bb5+ c6 5. Bc4 g6 6. Qg5 Qe7 7. O-O h6 8. Qg3
b5 9. Bb3 h5 10. Ng5 h4 11. Bxf7+ Kd8 12. Nc3 hxg3 13. fxg3 Qxg5 14. d3 Qe7 15.
Bxg6 Rh6 16. Bg5 Qxg5 17. Rxf8+ Kc7 18. Rxg8 Rxg6 19. Rf8 Rh6 20. Rf7+ Nd7 21.
Rf5 Qe3+ 22. Kf1 Rxh2 23. Ne2 Rh1+ 24. Ng1 Rxg1# 0-1

[Event "AUTO-INT-302"]
[Site "http://www.queenalice.com/game.php?id=150782"]
[Date "2007.1.6"]
[Round "1"]
[White "Admilton"]
[Black "joshua_08"]
[Result "1-0"]
[WhiteElo "1418"]
[BlackElo "1443"]

1. Nf3 g6 2. d4 d5 3. Ne5 Nd7 4. c3 Bg7 5. Nxd7 Qxd7 6. e3 Nf6 7. Bd3 O-O 8. Qf3
a5 9. a4 Qd6 10. Na3 c6 11. g3 Bg4 12. Qg2 e5 13. h3 e4 14. Bc2 Bf3 15. Qg1 Bxh1
16. Qxh1 h5 17. f4 c5 18. Nb5 Qb6 19. Qf1 c4 20. f5 gxf5 21. Qf4 Ne8 22. Qxf5 f6
23. Qxd5+ Rf7 24. Bxe4 Rd8 25. Qxc4 Nd6 26. Qd5 Nxb5 27. Qxb5 Qe6 28. Qxh5 Qxe4
29. Qxa5 Rd5 30. Qb4 Qh1+ 31. Kd2 Qxh3 32. c4 Bf8 33. Qb3 1-0